Call of Duty Games (2003 - 2021) - Statistics

General Stats
  • This quiz has been taken 1,730 times
    1,647 since last reset
  • The average score is 17 of 20
Answer Stats
Year Answer % Correct
2007 Call of Duty 4: Modern Warfare
99%
2010 Call of Duty: Black Ops
99%
2019 Call of Duty: Modern Warfare
99%
2003 Call of Duty
95%
2012 Call of Duty: Black Ops II
95%
2015 Call of Duty: Black Ops III
95%
2009 Call of Duty: Modern Warfare 2
95%
2018 Call of Duty: Black Ops 4
92%
2011 Call of Duty: Modern Warfare 3
91%
2005 Call of Duty 2
90%
2020 Call of Duty: Black Ops Cold War
90%
2006 Call of Duty 3
89%
2008 Call of Duty: World At War
86%
2014 Call of Duty: Advanced Warfare
84%
2017 Call of Duty: WWII
83%
2016 Call of Duty: Infinite Warfare
81%
2013 Call of Duty: Ghosts
80%
2021 Call of Duty: Vanguard
79%
2019 Call of Duty: Warzone
71%
2019 Call of Duty: Mobile
40%
No matching quizzes found
Score Distribution
Percent of People with Each Score
Percentile by Number Answered
Your Score History
You have not taken this quiz since the last reset